1126 1775 1714 1931 1955 1422 1882 1974 1220 1946 1408 1642 1261 1016 1394 1960 1767 1614 1963 1157 1162 1958 1008 1153 1180 1724 1074 1923 1053 1102 1145 1968 1796 1392 1125 1677 1129 1332 1565 1367 1585 1333 1456 1997 1195 1958 1160 1252 1507 1715 1194 1921 1025 1461 1739 1335 1919 1985 1924 1885 1079 1460 1768 1196 1357 1908 1303 1875 1081 1919 1164 1144 1921 1458 1109 1965 1185 1429 1137 1228 1536 1045 1964 1166 1256 1866 1338 1504 1139 1103 1305 1438 1493 1443 1491 1125 1807 1866 1091 BCNSPRNW ULIB Ver.6.0+V

เปลี่ยนเป็นภาษาไทย

Change to English
 แสดงรายละเอียดบรรณานุกรม
  กลับหน้าหลัก

Brief Record : Get Marc (ISO 2709) : E-mail record : QR code < ปิดหน้าต่าง
LEADER : 00000nam 2200000uu 4500
001    13399123969
003     ULIB
008    141217s2556||||th 000 0 tha d
020    ^a9786165153102
060  4 ^aWE180^bพ187ค
100 0  ^aพนมกร ดิษฐสุวรรณ์
245 00 ^aคำถามฮอต สกัดกระดูกเสื่อม/^cพนมกร ดิษฐสุวรรณ์
260    ^aกรุงเทพฯ ;^bเนชั่นอินเตอร์เนชั่นแนล เอ็ดดูเทนเมนท์,^c2556.
300    ^a144 หน้า :^bภาพประกอบ ;^c21 ซม.
650  0 ^aข้อเสื่อม
650  0 ^aกระดูกพรุน
945    ^p150^l0^i037352
945    ^p150^l0^i037353
945    ^p150^l0^i037354
999    ^aเกษร โพธิ์สุวรรณ
รายการนี้ยังไม่มีแท็ก
คุณยังไม่ได้ล็อกอิน คุณสามารถมีกิจกรรมร่วมกับเว็บไซต์ได้ แต่ต้องล็อกอินก่อน ::
  ล็อกอิน

รายการสื่อสารสนเทศ

ลำดับที่ ประเภท เลขเรียก/บาร์โค้ด สถานที่ สถานะ
1. วิทยาศาสตร์การแพทย์ และสุขภาพ
หนังสือสำรอง
สถานะ=หนังสือสำรอง
WE180 พ187ค ฉ.1 
  Barcode: 037352
ห้องสมุดวิทยาเขตสวรรค์ประชารักษ์
►ส่วนจัดเก็บหนังสือเก่า สปร
บนชั้น
  ขอยืม
2. วิทยาศาสตร์การแพทย์ และสุขภาพ
วิทยาศาสตร์การแพทย์ และสุขภาพ
WE180 พ187ค ฉ.2 
  Barcode: 037353
ห้องสมุดวิทยาเขตสวรรค์ประชารักษ์
►ส่วนจัดเก็บหนังสือเก่า สปร
บนชั้น
  ขอยืม
3. วิทยาศาสตร์การแพทย์ และสุขภาพ
วิทยาศาสตร์การแพทย์ และสุขภาพ
WE180 พ187ค ฉ.3 
  Barcode: 037354
ห้องสมุดวิทยาเขตสวรรค์ประชารักษ์
►ส่วนจัดเก็บหนังสือเก่า สปร
บนชั้น
  ขอยืม

รายการใกล้เคียง
    ผู้แต่ง [พนมกร ดิษฐสุวรรณ์]

    หัวเรื่อง [ข้อเสื่อม]
    หัวเรื่อง [กระดูกพรุน]

BibComment


ยังไม่เคยถูกคอมเมนท์

คอมเมนท์ทรัพยากรรายการนี้
  คอมเมนท์: คำถามฮอต สกัดกระ..


 Copyright 2026. Bcnsprnw @Library